000 01305nam0a22003131 4500
001 v19\rc\1946065
005 20251118180858.3
035 _a(NLR Aleph) 005031641
090 _a6697527
_c6697527
100 _a20251123 rusy50
101 0 _arus
102 _aRU
105 _ay z |||||
200 1 _aАгростологические заметки
_fА.Я. Гордягин, орд. проф. Имп. Николаев. ун-та
210 _aСаратов
_cтип. Союза печ. дела
_d1913
215 _a18 с.
_d26
311 _aОтт. "Изв. Имп. Николаев. ун-та". Т. 4, вып. 3
316 _aЭкз. РНБ (37.53.3.324): 2-й экз. с автогр. авт.
_5NLR: 37.53.3.324
488 0 _12001#$aИзвестия Императорского Николаевского университета$vТ. 4, вып. 3
_tИзвестия Императорского Николаевского университета
700 1 _aГордягин
_bА.Я.
_f1865-1932
_gАндрей Яковлевич
801 0 _aRU
_bNLR
_gpsbo
801 0 _aRU
_bRuMoRGB
_2psbo
801 1 _aRU
_bProSoft-M
_2rusmarc
852 _aNLR
_j37.53.3.324
899 _aRuMoRGB
_jV 16/667
899 _aRuMoRGB
_jU 283/16
899 _aБАН
942 _cBOOK
980 _aNB